| 000 | 00493nam a22001697a 4500 | ||
|---|---|---|---|
| 003 | CEME | ||
| 005 | 20210628202831.0 | ||
| 008 | 210203b xxu||||| |||| 00| 0 eng d | ||
| 040 | _c. | ||
| 082 | _a355.02 MEL | ||
| 100 |
_aVon, Mellenthin.F.W _961860 |
||
| 245 | _aPanzer battles, a study of the employment of armor in the world war | ||
| 260 |
_aNEW YORK _bARMY EDUCATION PUBLISHING HOUSE _c2003 |
||
| 300 | _aXX,383P | ||
| 650 |
_aSECOND WORLD WAR.WORLD WAR-II _961861 |
||
| 942 |
_cBK _2ddc |
||
| 999 |
_c571165 _d571165 |
||